Военный немецко-русский словарь: около 35 000 слов и выражений из основных областей военного дела, около 6 000 сокращений применяемых в военной литературе

Detalles Bibliográficos
Otros Autores: Таубе А. М. Александр Михайлович (составитель)
Sumario:Подписано к печати 12/II 1945 г.
Lenguaje:alemán
ruso
Publicado: Москва, ОГИЗ, 1945
Edición:5-е изд., перераб. и доп.
Materias:
Formato: Libro
KOHA link:https://koha.lib.tpu.ru/cgi-bin/koha/opac-detail.pl?biblionumber=339189

MARC

LEADER 00000nam0a2200000 4500
001 339189
005 20231102005123.0
035 |a (RuTPU)RU\TPU\book\365699 
090 |a 339189 
100 |a 20171213d1945 m y0rusy50 ca 
101 0 |a ger  |a rus 
102 |a RU 
105 |a y e 000zy 
200 1 |a Военный немецко-русский словарь  |e около 35 000 слов и выражений из основных областей военного дела, около 6 000 сокращений применяемых в военной литературе  |f сост. А. М. Таубе 
205 |a 5-е изд., перераб. и доп. 
210 |a Москва  |c ОГИЗ  |d 1945 
215 |a 612 с. 
300 |a Подписано к печати 12/II 1945 г. 
606 1 |a Немецкий язык  |x Терминологические словари  |2 stltpush  |3 (RuTPU)RU\TPU\subj\45383  |9 64626 
610 1 |a лексика 
610 1 |a словари 
610 1 |a военное дело 
610 1 |a термины 
610 1 |a коллекция: 1941-1945 гг. 
686 |a Ш143.24-43  |v LBC/SL-A  |2 rubbk 
702 1 |a Таубе  |b А. М.  |g Александр Михайлович  |4 220 
801 1 |a RU  |b 63413507  |c 20171213 
801 2 |a RU  |b 63413507  |c 20200430  |g RCR 
942 |c BK